| 000 | 07868nam a2200793 a 4500 | ||
|---|---|---|---|
| 005 | 20080822143410.0 | ||
| 008 | 080822t xxu||||| |||| 00| 0 eng d | ||
| 010 | _aB-275894-933 | ||
| 020 |
_a8131712958 _c325.00 |
||
| 035 | _aB-275894-933 | ||
| 037 | _bUBH | ||
| 040 |
_aDPL _bEN |
||
| 082 | _a005.13 | ||
| 100 | _aUllman, Larry | ||
| 245 |
_aC++ programming / _cby Larry Ullman [and] Andreas Signer |
||
| 260 |
_aDelhi _bPearson Education _c2007 |
||
| 270 |
_a482, F.I.E. Patparganj,, _bDelhi _e110092 |
||
| 300 |
_axv, 511 p. _c24 cm (pbk) |
||
| 490 | _aVisual quickstart guide | ||
| 500 | _a"Covers version 2.1 ..."--Cover. | ||
| 500 | _aIncludes index. | ||
| 650 | _aC++ (Computer program language) | ||
| 700 | _aAndreas Signer | ||
| 942 |
_2ddc _cEN _h005.13 _mULL |
||
| 999 |
_c14987 _d14987 |
||